UK Parliamentary Constituencies in Wales Quiz Stats

 Plays Quiz not verified by Sporcle

Support Sporcle.
Go Orange.
Score 0/40 Timer 10:00
0 Plays Today
Current Member of Parliament Constituency % Correct
- vacant -Cardiff North
94.1%
- vacant -Ynys Môn
91.9%
- vacant -Cardiff West
91.2%
- vacant -Swansea West
90.4%
- vacant -Swansea East
89%
- vacant -Cardiff Central
88.2%
- vacant -Newport East
87.5%
- vacant -Newport West
87.5%
- vacant -Wrexham
86.8%
- vacant -Monmouth
84.6%
- vacant -Vale of Glamorgan
83.8%
- vacant -Vale of Clwyd
80.1%
- vacant -Aberavon
79.4%
- vacant -Rhondda
79.4%
- vacant -Ceredigion
79.4%
- vacant -Bridgend
78.7%
- vacant -Clwyd South
77.9%
- vacant -Cardiff South & Penarth
75.7%
- vacant -Clwyd West
75%
- vacant -Gower
75%
Current Member of Parliament Constituency % Correct
- vacant -Brecon & Radnorshire
73.5%
- vacant -Montgomeryshire
73.5%
- vacant -Llanelli
72.1%
- vacant -Neath
70.6%
- vacant -Preseli Pembrokeshire
70.6%
- vacant -Alyn & Deeside
69.9%
- vacant -Arfon
69.9%
- vacant -Caerphilly
66.2%
- vacant -Ogmore
66.2%
- vacant -Pontypridd
66.2%
- vacant -Aberconwy
64.7%
- vacant -Torfaen
63.2%
- vacant -Delyn
59.6%
- vacant -Islwyn
55.9%
- vacant -Cynon Valley
54.4%
- vacant -Carmarthen East and Dinefwr
52.9%
- vacant -Blaenau Gwent
52.2%
- vacant -Carmarthen West & South Pembrokeshire
50%
- vacant -Merthyr Tydfil & Rhymney
46.3%
- vacant -Dwyfor Meirionnydd
41.9%

You're not logged in!

Compare scores with friends on all Sporcle quizzes.
OR
Log In

From the Vault

Angelina Jolie Movies

by Ben

Billy Bob Thornton's ex-wife seems to always find herself in the news...sometimes even for making movies.
Remove Ads.
Support Sporcle.
Get the best of Sporcle when you Go Orange. This ad-free experience offers more features, more stats, and more fun while also helping to support Sporcle. Thank you for becoming a member.

Show Comments

Extras

Top Quizzes Today


Score Distribution

Your Account Isn't Verified!

In order to create a playlist on Sporcle, you need to verify the email address you used during registration. Go to your Sporcle Settings to finish the process.

Report this User

Report this user for behavior that violates our Community Guidelines.

Details: